Normal view
MARC view
- تأليف: جربوع، يوسف محمود/ م.مشارك: سالم عبدالله حلس
Entry Personal Name
001 - CONTROL NUMBER
- control field: 27495
003 - CONTROL NUMBER IDENTIFIER
- control field: JO-AjAnu
005 - DATE AND TIME OF LATEST TRANSACTION
- control field: 20230606074653.0
008 - FIXED-LENGTH DATA ELEMENTS
- fixed length control field: 230606|| aca||aabn | a|a d
040 ## - CATALOGING SOURCE
- Original cataloging agency: JO-AjAnu
- Transcribing agency: JO-AjAnu
100 ## - HEADING--PERSONAL NAME
- Personal name: تأليف: جربوع، يوسف محمود/ م.مشارك: سالم عبدالله حلس
670 ## - SOURCE DATA FOUND
- Source citation: Work cat.: (JO-AjAnu)14120: تأليف: جربوع، يوسف محمود/ م.مشارك: سالم عبدالله حلس, author, المحاسبة الدولية مع التطبيق العملي لمعايير المحاسبة الدولية